000 01659nam a2200409 c 4500
999 _c67929
_d67929
003 BLK
005 20240912105035.0
008 180408b bul|||||r ||||||| ||bul||
010 _aKNG00072245000
020 _a954-91745-1-4
020 _a9789549174519
040 _aBLK
041 _aBUL
_cBUL
080 _aФизическа география и природа
_b502:911.2
_x(100)
_z502:911.2(100)
100 1 _aГати, Ан
_eпърви автор
_9293680
139 _aОткрийте чудесата на света
_bО 91
245 1 0 _aОткрийте чудесата на света
_bПътешествие из природните забележителности
_cАн Гати; прев. Албена Агасян.
257 _aSB
260 _bРийдърс дайджест
_c2005
_fПловдив : Коала прес
300 _a456 с.
_bс цв. ил.
_c29 см
380 _a5
500 _aОриг. загл. Discovering the Wonders of Our World. - Азб. показалец, именен показалец на авт. на ил.
650 4 _aПрирода
_9167826
650 4 _aФизическа география
_9283035
653 _aприродни забележителности
653 _aсвят
653 _aфизическа география
700 1 _aАгасян, Албена
_eпрев.
_9366451
852 _aЦб ІІ 14372
856 4 _qpdf
856 4 _qpdf
942 _cKNG
_n0
_06
_s1
944 _aCR
_c27.02.2007
_lГрета Цуфелде
_k30537
944 _aED
_c03.07.2015
_lф /
_kЛюдмила_Стоянова
999 _d67929
999 _d67929